HBF regional survey of house builders (Record no. 81808)
[ view plain ]
| 000 -LEADER | |
|---|---|
| fixed length control field | 01097cab a22002055a 4500 |
| 001 - CONTROL NUMBER | |
| control field | L148363 |
| 008 - FIXED-LENGTH DATA ELEMENTS--GENERAL INFORMATION | |
| fixed length control field | 090909s2009 xxkd f s 000 0 eng d |
| 035 ## - SYSTEM CONTROL NUMBER | |
| System control number | (Sirsi) u148363 |
| 041 0# - LANGUAGE CODE | |
| Language code of text/sound track or separate title | eng |
| 110 2# - MAIN ENTRY--CORPORATE NAME | |
| Corporate name or jurisdiction name as entry element | Home Builders Federation |
| 9 (RLIN) | 4896 |
| 245 00 - TITLE STATEMENT | |
| Title | HBF regional survey of house builders |
| Remainder of title | May 2009 |
| 260 ## - PUBLICATION, DISTRIBUTION, ETC. | |
| Date of publication, distribution, etc. | 2009 |
| 490 ## - SERIES STATEMENT | |
| Series statement | Housing Market Report |
| Volume/sequential designation | (204) June 2009, 7-11 (5) |
| 520 ## - SUMMARY, ETC. | |
| Summary, etc. | Presents results of a regional survey of house builders in Great Britain for May 2009. Finds a positive balance of home builders (+9%) reporting more visitors in May 2009 than in May 2008. The balance of net reservations increased as well, to the level of +30%, which is the strongest result since May 2006. The balance of companies reporting falling new home prices reduced to -25% in May 2009. This is the least negative result since October 2007. House builders are expecting sales to rise in 2009. |
| 590 ## - LOCAL NOTE (RLIN) | |
| Local note | KA |
| 650 24 - SUBJECT ADDED ENTRY--TOPICAL TERM | |
| Topical term or geographic name entry element | HBF REGIONAL SURVEY OF HOUSE BUILDERS |
| 651 #4 - SUBJECT ADDED ENTRY--GEOGRAPHIC NAME | |
| Geographic name | Great Britain |
| Chronological subdivision | 1707- |
| 690 ## - LOCAL SUBJECT ADDED ENTRY--TOPICAL TERM (OCLC, RLIN) | |
| Topical term or geographic name as entry element | PROPERTY-RESIDENTIAL PROPERTY-RESIDENTIAL PROPERTY MARKET |
| 942 ## - ADDED ENTRY ELEMENTS (KOHA) | |
| Suppress in OPAC | 0 |
| Withdrawn status | Lost status | Source of classification or shelving scheme | Damaged status | Not for loan | Home library | Current library | Shelving location | Date acquired | Total Checkouts | Full call number | Barcode | Date last seen | Copy number | Price effective from | Koha item type |
|---|---|---|---|---|---|---|---|---|---|---|---|---|---|---|---|
| Dewey Decimal Classification | London | London | Journal article | 09/09/2009 | L148363 | 148363-1001 | 06/08/2019 | 1 | 06/08/2019 | Journal article |